[Event "35t. Copenhagen Open (Politiken Cup)"]
[Site "Elsinore"]
[Date "2013.07.30"]
[Round "5"]
[White "Thiry, Jean Christophe"]
[Black "Frederiksen Kristian, Pade"]
[Result "1-0"]
[WhiteElo "1981"]
[BlackElo "1823"]
[PlyCount "175"]
[EventDate "2013.07.27"]
[EventType "swiss"]
[EventRounds "10"]
[EventCountry "DEN"]
[Source "ChessBase"]
[SourceDate "2013.08.26"]

1. d4 Nf6 2. Nf3 g6 3. Bf4 Bg7 4. e3 O-O 5. Be2 d6 6. h3 Nbd7 7. O-O Qe8 8. c4
e5 9. Bh2 Ne4 10. Qc2 f5 11. Nc3 Nxc3 12. Qxc3 e4 13. Nd2 g5 14. Qc2 Nf6 15.
Rae1 Bd7 16. f3 Qg6 17. fxe4 Nxe4 18. Nxe4 fxe4 19. Qd1 Bf5 20. Bh5 Qe6 21. b3
Rf6 22. d5 Qe7 23. g4 Bg6 24. Bxg6 hxg6 25. Qe2 Raf8 26. Rxf6 Rxf6 27. Rf1
Rxf1+ 28. Kxf1 Qf6+ 29. Qf2 Qa1+ 30. Kg2 Be5 31. Bg1 Kg7 32. Qc2 Qb2 33. Qxb2
Bxb2 34. Kf2 Be5 35. Ke2 Kf6 36. Bf2 Ke7 37. Kd2 Kf6 38. Kc2 Ke7 39. Be1 c6 40.
a4 c5 41. b4 b6 42. Kb3 Kd7 43. a5 Kc7 44. axb6+ axb6 45. bxc5 bxc5 46. Ka4 Bb2
47. Kb5 Bc1 48. Bf2 Bd2 49. Ka4 Bc3 50. h4 gxh4 51. Bxh4 Bd2 52. Bg5 Kb6 53.
Bf4 Kc7 54. Kb3 Be1 55. Kc2 Kd7 56. Bg5 Kc7 57. Kd1 Bc3 58. Ke2 Kb6 59. Bd8+
Ka6 60. Kf2 Be5 61. Kg2 Bc3 62. Bc7 Bd2 63. Bxd6 Bxe3 64. Bc7 Kb7 65. Ba5 Kc8
66. Kf1 Kd7 67. Ke2 Bd4 68. Be1 Kd6 69. Bg3+ Kd7 70. Bf4 Ke7 71. g5 Kd7 72. Kf1
Ke7 73. Kg2 Kd7 74. Kg3 Ke7 75. Bc7 Kd7 76. Ba5 Be3 77. Kg4 Bc1 78. Bc3 Kd6 79.
Be1 Kd7 80. Bf2 Kd6 81. Bg3+ Kd7 82. Bf4 Bb2 83. Be3 Bd4 84. Kf4 Bb2 85. Kxe4
Ba3 86. Kd3 Bb4 87. Bd2 Ba3 88. Kc2 1-0

[Event "35t. Copenhagen Open (Politiken Cup)"]
[Site "Elsinore"]
[Date "2013.07.30"]
[Round "5"]
[White "Thybo, Jan"]
[Black "Bayhan, Erkan"]
[Result "0-1"]
[WhiteElo "1303"]
[BlackElo "1753"]
[PlyCount "74"]
[EventDate "2013.07.27"]
[EventType "swiss"]
[EventRounds "10"]
[EventCountry "DEN"]
[Source "ChessBase"]
[SourceDate "2013.08.26"]

1. e4 e5 2. Nf3 Nf6 3. Nxe5 d6 4. Nf3 Nxe4 5. Qe2 Qe7 6. Nc3 Nf6 7. Qxe7+ Bxe7
8. Bc4 c6 9. d4 Bf5 10. Bb3 d5 11. O-O O-O 12. Re1 Bb4 13. Bg5 Nbd7 14. Ne5
Rfe8 15. a3 Ba5 16. Re3 Bxc3 17. bxc3 Nxe5 18. dxe5 Ng4 19. Re2 Rxe5 20. Rxe5
Nxe5 21. Re1 Ng6 22. Re2 h6 23. Be3 Re8 24. Kf1 a6 25. c4 dxc4 26. Bxc4 Rd8 27.
c3 b5 28. Bxf7+ Kxf7 29. Ke1 Nh4 30. f4 Bg4 31. Rb2 Nf5 32. Bd2 Re8+ 33. Kf1
Ne3+ 34. Bxe3 Rxe3 35. h3 Be6 36. Kf2 Rxc3 37. a4 Ra3 0-1

[Event "35t. Copenhagen Open (Politiken Cup)"]
[Site "Elsinore"]
[Date "2013.07.30"]
[Round "5"]
[White "Torgersen, Markus"]
[Black "Petersen, Albert Emil Lyng"]
[Result "1/2-1/2"]
[WhiteElo "1737"]
[BlackElo "1533"]
[PlyCount "27"]
[EventDate "2013.07.27"]
[EventType "swiss"]
[EventRounds "10"]
[EventCountry "DEN"]
[Source "ChessBase"]
[SourceDate "2013.08.26"]

1. c4 c5 2. g3 g6 3. Bg2 Bg7 4. Nc3 Nc6 5. e3 d6 6. Nge2 Nh6 7. O-O O-O 8. a3
Nf5 9. Rb1 a5 10. Nd5 e6 11. Ndf4 Ne5 12. e4 Ne7 13. d3 N7c6 14. Nc3 1/2-1/2

[Event "35t. Copenhagen Open (Politiken Cup)"]
[Site "Elsinore"]
[Date "2013.07.30"]
[Round "5"]
[White "Torkilseng, Runar"]
[Black "Olsson, Tomas"]
[Result "0-1"]
[WhiteElo "1827"]
[BlackElo "1932"]
[PlyCount "58"]
[EventDate "2013.07.27"]
[EventType "swiss"]
[EventRounds "10"]
[EventCountry "DEN"]
[Source "ChessBase"]
[SourceDate "2013.08.26"]

1. d4 Nf6 2. c4 g6 3. Nc3 Bg7 4. e4 d6 5. f3 O-O 6. Be3 e5 7. Nge2 c6 8. Qd2
Nbd7 9. O-O-O a6 10. Kb1 b5 11. d5 b4 12. Na4 c5 13. b3 Ne8 14. g4 Nb6 15. Nxb6
Qxb6 16. Ng3 a5 17. Bd3 a4 18. Bc2 axb3 19. Bxb3 Bd7 20. h4 Ba4 21. h5 Bxb3 22.
axb3 Ra3 23. Kb2 Qa5 24. Ra1 Nf6 25. hxg6 hxg6 26. Rxa3 Qxa3+ 27. Kc2 Qa2+ 28.
Kd1 Qxb3+ 29. Ke2 Ra8 0-1

[Event "35t. Copenhagen Open (Politiken Cup)"]
[Site "Elsinore"]
[Date "2013.07.30"]
[Round "5"]
[White "Wadtland, Flemming"]
[Black "Dyrhaug, Sverre S"]
[Result "1-0"]
[WhiteElo "1585"]
[BlackElo "1577"]
[PlyCount "75"]
[EventDate "2013.07.27"]
[EventType "swiss"]
[EventRounds "10"]
[EventCountry "DEN"]
[Source "ChessBase"]
[SourceDate "2013.08.26"]

1. c4 Nf6 2. g3 e6 3. Bg2 Be7 4. e3 O-O 5. Nc3 d5 6. cxd5 Nxd5 7. Nxd5 exd5 8.
Ne2 Bf5 9. O-O c6 10. Re1 Be4 11. d3 Bxg2 12. Kxg2 Nd7 13. d4 Nf6 14. Qb3 Qb6
15. Qxb6 axb6 16. f3 Rfe8 17. a3 c5 18. Bd2 c4 19. Nc3 Red8 20. h4 h6 21. g4 g5
22. hxg5 hxg5 23. Rh1 Kg7 24. Rh3 Rh8 25. Rah1 Rxh3 26. Rxh3 Rh8 27. e4 dxe4
28. Rxh8 Kxh8 29. Bxg5 exf3+ 30. Kxf3 Ng8 31. Bxe7 Nxe7 32. Ke4 Nc8 33. Ke5 Kg7
34. d5 Kf8 35. d6 Ke8 36. Nb5 Kd7 37. Kf6 Ke8 38. g5 1-0

[Event "35t. Copenhagen Open (Politiken Cup)"]
[Site "Elsinore"]
[Date "2013.07.30"]
[Round "5"]
[White "Willumsen, Henrik"]
[Black "Kyrkjebo, Marte Bakken"]
[Result "1-0"]
[WhiteElo "2127"]
[BlackElo "1641"]
[PlyCount "67"]
[EventDate "2013.07.27"]
[EventType "swiss"]
[EventRounds "10"]
[EventCountry "DEN"]
[Source "ChessBase"]
[SourceDate "2013.08.26"]

1. e4 e5 2. Nf3 Nc6 3. Bb5 a6 4. Ba4 Nf6 5. O-O b5 6. Bb3 Be7 7. d4 d6 8. a4
Nxd4 9. Nxd4 exd4 10. axb5 Nxe4 11. Bd5 Bf5 12. Bc6+ Kf8 13. Qf3 Bg6 14. Bxe4
Bxe4 15. Qxe4 Bf6 16. Rxa6 Rb8 17. Na3 h5 18. Re1 g6 19. b3 Kg7 20. Bb2 Qd7 21.
Bxd4 Bxd4 22. Qxd4+ Kh7 23. Qa1 Rhf8 24. c4 Qf5 25. b6 cxb6 26. Nb5 Qd3 27. Ra7
Qxb3 28. Nxd6 Kg8 29. Nxf7 Rxf7 30. Rxf7 Kxf7 31. Qa7+ Kf6 32. Qe7+ Kf5 33.
Qe5+ Kg4 34. Re4# 1-0

[Event "35t. Copenhagen Open (Politiken Cup)"]
[Site "Elsinore"]
[Date "2013.07.31"]
[Round "6"]
[White "Alquist, Erik"]
[Black "Jorgensen, Dennis"]
[Result "1/2-1/2"]
[WhiteElo "2053"]
[BlackElo "2245"]
[PlyCount "93"]
[EventDate "2013.07.27"]
[EventType "swiss"]
[EventRounds "10"]
[EventCountry "DEN"]
[Source "ChessBase"]
[SourceDate "2013.08.26"]

1. e4 c6 2. d4 d5 3. e5 Bf5 4. Nf3 e6 5. Be2 Nd7 6. O-O h6 7. Nbd2 Ne7 8. Nb3
Nc8 9. Be3 Be7 10. a4 O-O 11. a5 a6 12. Bd3 Bxd3 13. Qxd3 Qc7 14. Rac1 Na7 15.
Nfd2 Rad8 16. f4 f5 17. c4 Qb8 18. c5 Rf7 19. Nf3 Nf8 20. h3 Nh7 21. Qd2 Rdf8
22. g3 Qd8 23. Kf2 Kh8 24. Ke2 Rg8 25. Rg1 Nb5 26. Kd3 Qf8 27. h4 Qd8 28. Qh2
g6 29. Rh1 Qf8 30. Rcg1 Rfg7 31. Qh3 Bd8 32. Rg2 Bc7 33. Rhg1 Qf7 34. Rh2 Bd8
35. Bd2 Qf8 36. Na1 Qf7 37. Nc2 Na7 38. Ne3 Nc8 39. Rhg2 Ne7 40. Qh1 Rf8 41.
Rh2 Rgg8 42. Qg2 Rg7 43. Rgh1 Rfg8 44. Nd1 Rf8 45. Nf2 Ng8 46. Nh3 h5 47. Qe2
1/2-1/2

[Event "35t. Copenhagen Open (Politiken Cup)"]
[Site "Elsinore"]
[Date "2013.07.31"]
[Round "6"]
[White "Ancion, Merowig"]
[Black "Satre, Mathias"]
[Result "1-0"]
[WhiteElo "1954"]
[BlackElo "1805"]
[PlyCount "75"]
[EventDate "2013.07.27"]
[EventType "swiss"]
[EventRounds "10"]
[EventCountry "DEN"]
[Source "ChessBase"]
[SourceDate "2013.08.26"]

1. e4 c6 2. d4 d5 3. Nc3 dxe4 4. f3 exf3 5. Nxf3 Bg4 6. Be3 Nf6 7. Bd3 Nbd7 8.
O-O Qc7 9. Qe1 e6 10. a3 Bd6 11. Qh4 Bxf3 12. Rxf3 O-O-O 13. b4 a6 14. Kh1 h6
15. Bg1 e5 16. Bf5 Kb8 17. Bxd7 Rxd7 18. Raf1 Rhd8 19. dxe5 Bxe5 20. Na4 Bd4
21. Nc5 Rd5 22. h3 Bxg1 23. Kxg1 Rd2 24. Qc4 Qe7 25. a4 R8d4 26. Qb3 a5 27. Re3
Qc7 28. bxa5 Nd5 29. Na6+ Kc8 30. Nxc7 Nxe3 31. Qxe3 Kxc7 32. Rxf7+ Rd7 33.
Qe5+ Kc8 34. Rxg7 R2d5 35. Rg8+ Rd8 36. Qe6+ Kc7 37. Rxd8 Kxd8 38. Qxh6 1-0

[Event "35t. Copenhagen Open (Politiken Cup)"]
[Site "Elsinore"]
[Date "2013.07.31"]
[Round "6"]
[White "Andersen, Claus"]
[Black "Skjolas, Erling Dyrhaug"]
[Result "0-1"]
[WhiteElo "1806"]
[BlackElo "1581"]
[PlyCount "72"]
[EventDate "2013.07.27"]
[EventType "swiss"]
[EventRounds "10"]
[EventCountry "DEN"]
[Source "ChessBase"]
[SourceDate "2013.08.26"]

1. d4 Nf6 2. c4 g6 3. Nc3 Bg7 4. Nf3 O-O 5. e4 d6 6. Be2 Nbd7 7. h3 e5 8. Be3
b6 9. d5 Nc5 10. Qc2 a5 11. O-O Ba6 12. a3 Nh5 13. b4 Nd7 14. Qd2 Nf4 15. Rac1
Nxe2+ 16. Qxe2 f5 17. Ng5 f4 18. Ne6 Qh4 19. Bd2 f3 20. Qd3 Qh5 21. b5 Bb7 22.
Nxg7 Kxg7 23. Qe3 Rf4 24. Kh2 Raf8 25. g3 Nf6 26. Qxf4 exf4 27. h4 fxg3+ 28.
fxg3 Ng4+ 29. Kg1 Qe5 30. Bf4 Qd4+ 31. Kh1 Nf2+ 32. Kh2 Nxe4 33. Nxe4 Qxe4 34.
Rce1 Qc2+ 35. Kh3 Bc8+ 36. g4 Qg2# 0-1

[Event "35t. Copenhagen Open (Politiken Cup)"]
[Site "Elsinore"]
[Date "2013.07.31"]
[Round "6"]
[White "Andersen, Rune"]
[Black "Svorono, Gabriel"]
[Result "1/2-1/2"]
[WhiteElo "2083"]
[BlackElo "1819"]
[PlyCount "112"]
[EventDate "2013.07.27"]
[EventType "swiss"]
[EventRounds "10"]
[EventCountry "DEN"]
[Source "ChessBase"]
[SourceDate "2013.08.26"]

1. d4 f5 2. g3 Nf6 3. Bg2 e6 4. c4 c6 5. Nh3 d5 6. O-O Bd6 7. Bf4 O-O 8. Nd2 b6
9. Rc1 Bb7 10. Qb3 Be7 11. cxd5 exd5 12. Nf3 Ne4 13. Ne5 g5 14. Be3 Bf6 15. f3
Nd6 16. Qc2 h6 17. b3 Qe7 18. f4 Nd7 19. Bd2 Bxe5 20. dxe5 Ne4 21. Bxe4 fxe4
22. fxg5 Nxe5 23. gxh6 Bc8 24. Ng5 Bf5 25. Bf4 c5 26. Rcd1 Rad8 27. h3 e3 28.
Qc3 d4 29. Qe1 Ng6 30. Kh2 d3 31. Rf3 Nxf4 32. gxf4 dxe2 33. Qxe2 Rxd1 34. Qxd1
Rd8 35. Rxe3 Qxg5 36. fxg5 Rxd1 37. h4 Rd2+ 38. Kg1 Rd4 39. Re5 Bg6 40. Re7 Bh5
41. Rxa7 Rxh4 42. Kf2 Rg4 43. Rg7+ Kh8 44. Rb7 Rxg5 45. Rxb6 Kh7 46. Ke3 Rg6
47. Rb5 Kxh6 48. Rxc5 Ra6 49. Rc2 Kg5 50. Kd4 Bf3 51. Rb2 Kf4 52. a4 Bd1 53.
Rf2+ Kg3 54. Rb2 Kf4 55. Kc5 Bxb3 56. Rxb3 Rxa4 1/2-1/2

[Event "35t. Copenhagen Open (Politiken Cup)"]
[Site "Elsinore"]
[Date "2013.07.31"]
[Round "6"]
[White "Andreasen, Jakup a Rogvi"]
[Black "Martinez Vestergaard, Kristian"]
[Result "1-0"]
[WhiteElo "2008"]
[BlackElo "1809"]
[PlyCount "61"]
[EventDate "2013.07.27"]
[EventType "swiss"]
[EventRounds "10"]
[EventCountry "DEN"]
[Source "ChessBase"]
[SourceDate "2013.08.26"]

1. Nf3 Nf6 2. g3 d5 3. Bg2 Bf5 4. c4 e6 5. Qb3 b6 6. Nc3 c6 7. Nd4 Be4 8. Nxe4
Nxe4 9. cxd5 Qf6 10. Qe3 Bc5 11. dxc6 Bxd4 12. Qxe4 Na6 13. O-O O-O 14. Rb1 Nc5
15. Qc2 Na6 16. b4 Rac8 17. b5 Nc7 18. Qb3 h5 19. Bb2 e5 20. Ba3 Rfe8 21. d3
Ne6 22. Bh3 g5 23. Bxe6 Rxe6 24. e3 Bc5 25. Bxc5 bxc5 26. Qd5 Rd6 27. Qe4 Qe6
28. Rbc1 Rd5 29. a4 f5 30. Qc4 Qd6 31. e4 1-0

[Event "35t. Copenhagen Open (Politiken Cup)"]
[Site "Elsinore"]
[Date "2013.07.31"]
[Round "6"]
[White "Bach, Matthias"]
[Black "Stray, Gunnar"]
[Result "1/2-1/2"]
[WhiteElo "2251"]
[BlackElo "2056"]
[PlyCount "89"]
[EventDate "2013.07.27"]
[EventType "swiss"]
[EventRounds "10"]
[EventCountry "DEN"]
[Source "ChessBase"]
[SourceDate "2013.08.26"]

1. d4 d5 2. c4 c6 3. Nc3 Nf6 4. Nf3 g6 5. Bf4 Bg7 6. e3 O-O 7. Be2 Qa5 8. O-O
Na6 9. a3 dxc4 10. Bxc4 Bg4 11. h3 Bxf3 12. Qxf3 Nb8 13. g4 Nbd7 14. Qg3 Qd8
15. Rad1 Nb6 16. Ba2 Nbd5 17. Be5 Nxc3 18. bxc3 Ne4 19. Qh4 Nxc3 20. Bxg7 Kxg7
21. Rd2 Nxa2 22. Rxa2 h6 23. f4 e6 24. Qg3 Qd6 25. h4 f5 26. Rg2 Rg8 27. h5 Kf7
28. g5 Qf8 29. e4 Qg7 30. exf5 Qxd4+ 31. Kh1 gxf5 32. Qb3 hxg5 33. Rd1 Qxf4 34.
Rd7+ Kf6 35. Qb2+ e5 36. Rd6+ Ke7 37. Rgd2 Qe4+ 38. Kh2 c5 39. Qb3 c4 40. Qb4
Qf4+ 41. Kg2 Qg4+ 42. Kf1 Qf3+ 43. Kg1 Qg3+ 44. Kf1 Qf3+ 45. Kg1 1/2-1/2

[Event "35t. Copenhagen Open (Politiken Cup)"]
[Site "Elsinore"]
[Date "2013.07.31"]
[Round "6"]
[White "Bayhan, Erkan"]
[Black "Jarlnaes, Erik"]
[Result "1-0"]
[WhiteElo "1753"]
[BlackElo "1961"]
[PlyCount "147"]
[EventDate "2013.07.27"]
[EventType "swiss"]
[EventRounds "10"]
[EventCountry "DEN"]
[Source "ChessBase"]
[SourceDate "2013.08.26"]

1. d4 Nf6 2. c4 c5 3. Nf3 cxd4 4. Nxd4 Nc6 5. Nc3 g6 6. e4 d6 7. Be2 Nxd4 8.
Qxd4 Bg7 9. O-O O-O 10. Qd1 Bd7 11. Be3 Bc6 12. f3 Nd7 13. Qd2 Qa5 14. Rfd1
Rac8 15. Nd5 Qd8 16. Rac1 b6 17. Bg5 Re8 18. b3 Nc5 19. Be3 Qd7 20. Bd3 Ne6 21.
Bb1 Nc5 22. h4 b5 23. cxb5 Bxb5 24. Nf4 Ne6 25. Nxe6 fxe6 26. Bd3 a6 27. Bc4
Bxc4 28. Rxc4 Rxc4 29. bxc4 Qa4 30. c5 dxc5 31. Bxc5 Rc8 32. Bxe7 Kf7 33. Bg5
h6 34. Qd7+ Qxd7 35. Rxd7+ Kf8 36. Rd8+ Rxd8 37. Bxd8 Ke8 38. Bb6 Kd7 39. Kf2
Kc6 40. Be3 Kb5 41. Ke2 Kb4 42. Bc1 Kc3 43. Bd2+ Kb2 44. a4 Kb3 45. a5 Kc4 46.
Ke3 h5 47. g4 Bf6 48. Be1 Be5 49. gxh5 gxh5 50. f4 Bd4+ 51. Kf3 Bf6 52. e5 Bd8
53. Ke4 Be7 54. f5 exf5+ 55. Kxf5 Kd5 56. e6 Bd8 57. Bg3 Be7 58. Be5 Bb4 59.
Bf6 Kd6 60. Bd8 Be1 61. e7 Kd7 62. Kg5 Ke8 63. Kxh5 Kf7 64. Kg5 Bd2+ 65. Kf5
Be1 66. h5 Bd2 67. Ke5 Bc3+ 68. Kd6 Ke8 69. h6 Bb4+ 70. Kc6 Bc3 71. h7 Bf6 72.
Kb6 Kf7 73. e8=Q+ Kxe8 74. Bxf6 1-0

[Event "35t. Copenhagen Open (Politiken Cup)"]
[Site "Elsinore"]
[Date "2013.07.31"]
[Round "6"]
[White "Bendixen, Daniel"]
[Black "Bue, Gunnar"]
[Result "0-1"]
[WhiteElo "1885"]
[BlackElo "1654"]
[PlyCount "72"]
[EventDate "2013.07.27"]
[EventType "swiss"]
[EventRounds "10"]
[EventCountry "DEN"]
[Source "ChessBase"]
[SourceDate "2013.08.26"]

1. e4 d6 2. Nc3 Nf6 3. f4 g6 4. Bc4 c6 5. Bb3 Bg7 6. Nf3 O-O 7. O-O b5 8. d3
Nbd7 9. e5 dxe5 10. fxe5 Ng4 11. d4 e6 12. h3 Nh6 13. Ne4 Nf5 14. g4 Ne7 15.
Bg5 h6 16. Bh4 g5 17. Bf2 Nd5 18. c3 f5 19. gxf5 Rxf5 20. Nd6 Rf8 21. Bc2 Nf4
22. Kh2 c5 23. Bg3 c4 24. Bxf4 Rxf4 25. Nd2 Nxe5 26. Rxf4 Qxd6 27. Ne4 Qc7 28.
Nc5 Nc6 29. Qf3 Qxf4+ 30. Qxf4 gxf4 31. Rf1 Bf8 32. Be4 Bb7 33. Nxb7 Rc8 34.
Rxf4 Rc7 35. Rg4+ Kh8 36. Nc5 Bxc5 0-1

[Event "35t. Copenhagen Open (Politiken Cup)"]
[Site "Elsinore"]
[Date "2013.07.31"]
[Round "6"]
[White "Bjornes, Leif"]
[Black "Emborg, Jens"]
[Result "1-0"]
[WhiteElo "1918"]
[BlackElo "1618"]
[PlyCount "97"]
[EventDate "2013.07.27"]
[EventType "swiss"]
[EventRounds "10"]
[EventCountry "DEN"]
[Source "ChessBase"]
[SourceDate "2013.08.26"]

1. d4 d5 2. c4 e6 3. Nc3 Nf6 4. Bg5 Be7 5. e3 O-O 6. Nf3 Nc6 7. Rc1 h6 8. Bh4
Ne4 9. Bxe7 Qxe7 10. Bd3 Nf6 11. O-O dxc4 12. Bxc4 e5 13. d5 Na5 14. Be2 c5 15.
e4 Bg4 16. h3 Bh5 17. Qa4 b6 18. g4 Nxg4 19. hxg4 Bxg4 20. Kg2 Kh7 21. Nh2 Bd7
22. Qd1 g5 23. d6 Qf6 24. Ng4 Qf4 25. f3 Be6 26. Nd5 Bxd5 27. Qxd5 h5 28. Nxe5
h4 29. Rg1 h3+ 30. Kf2 Kg7 31. Nd3 Qh4+ 32. Ke3 f5 33. Qe5+ Kg8 34. Qe6+ Rf7
35. Qg6+ Rg7 36. Qxf5 h2 37. Rh1 g4 38. fxg4 Rf8 39. Qd5+ Kh8 40. Nf4 Qg3+ 41.
Kd2 Qxf4+ 42. Kc3 Qf2 43. Qd2 Qg3+ 44. Qd3 Qe5+ 45. Kc2 Rf2 46. Kb1 Rd7 47.
Rcd1 c4 48. Qe3 Rg2 49. Qh3+ 1-0

[Event "35t. Copenhagen Open (Politiken Cup)"]
[Site "Elsinore"]
[Date "2013.07.31"]
[Round "6"]
[White "Bratteteig, Tore Inge"]
[Black "Klitgaard, Ebbe"]
[Result "1/2-1/2"]
[WhiteElo "1692"]
[BlackElo "1935"]
[PlyCount "34"]
[EventDate "2013.07.27"]
[EventType "swiss"]
[EventRounds "10"]
[EventCountry "DEN"]
[Source "ChessBase"]
[SourceDate "2013.08.26"]

1. d4 d5 2. c4 e6 3. Nf3 Nf6 4. Nc3 Be7 5. Bg5 h6 6. Bh4 O-O 7. cxd5 Nxd5 8.
Bxe7 Qxe7 9. e3 Nd7 10. Bd3 c5 11. O-O cxd4 12. exd4 N7f6 13. Rc1 Bd7 14. Re1
Rac8 15. Qd2 Rfd8 16. Nxd5 Nxd5 17. Rxc8 Rxc8 1/2-1/2

[Event "35t. Copenhagen Open (Politiken Cup)"]
[Site "Elsinore"]
[Date "2013.07.31"]
[Round "6"]
[White "Bremer, Erik"]
[Black "Bjorn, Lasse E"]
[Result "0-1"]
[WhiteElo "1493"]
[BlackElo "1810"]
[PlyCount "66"]
[EventDate "2013.07.27"]
[EventType "swiss"]
[EventRounds "10"]
[EventCountry "DEN"]
[Source "ChessBase"]
[SourceDate "2013.08.26"]

1. e4 c5 2. Nf3 d6 3. d4 cxd4 4. Nxd4 Nf6 5. Nc3 g6 6. f3 Qb6 7. Bb5+ Bd7 8. a4
Nc6 9. Be3 a6 10. Bxc6 bxc6 11. Qc1 c5 12. Nde2 Bg7 13. O-O O-O 14. Kh1 Rab8
15. Rb1 Qb4 16. b3 e6 17. Qe1 Rfc8 18. Bd2 Qb7 19. Qh4 Ne8 20. Rfd1 Rc6 21. Nf4
Rb6 22. Nh3 c4 23. a5 cxb3 24. Rdc1 b2 25. Rd1 Rc6 26. Na4 Rxc2 27. Nb6 Bb5 28.
Bf4 Bc4 29. Ng5 h6 30. Nxf7 Qxf7 31. Bxh6 Bxh6 32. Qxh6 Ba2 33. Nd7 Qxd7 0-1

[Event "35t. Copenhagen Open (Politiken Cup)"]
[Site "Elsinore"]
[Date "2013.07.31"]
[Round "6"]
[White "Brunello, Sabino"]
[Black "Carstensen, Jacob"]
[Result "1-0"]
[WhiteElo "2593"]
[BlackElo "2384"]
[PlyCount "157"]
[EventDate "2013.07.27"]
[EventType "swiss"]
[EventRounds "10"]
[EventCountry "DEN"]
[Source "ChessBase"]
[SourceDate "2013.08.26"]

1. c4 e5 2. g3 Nf6 3. Bg2 d5 4. cxd5 Nxd5 5. Nc3 Nb6 6. Nf3 Nc6 7. O-O Be7 8.
Rb1 a5 9. d3 Be6 10. b3 O-O 11. Bb2 f6 12. Nd2 Nd5 13. Na4 b5 14. Nc3 Nxc3 15.
Bxc3 Bd5 16. a4 Bxg2 17. Kxg2 Qd5+ 18. Nf3 bxa4 19. bxa4 Rab8 20. Qc2 Rxb1 21.
Rxb1 Bb4 22. Bxb4 axb4 23. e4 Qd6 24. Rc1 Na5 25. Qxc7 Qxc7 26. Rxc7 b3 27. Rc5
Ra8 28. Rb5 Nc6 29. Rb6 b2 30. Nd2 Nd4 31. Rxb2 Rxa4 32. Nc4 Ra8 33. f4 exf4
34. gxf4 h5 35. Kf2 Ra1 36. Ke3 Ne6 37. f5 Ng5 38. Nd6 h4 39. Nc8 Re1+ 40. Kf4
Rf1+ 41. Ke3 Re1+ 42. Re2 Ra1 43. Ne7+ Kh7 44. Ng6 h3 45. Nf4 Rf1 46. Rf2 Rh1
47. d4 Ra1 48. Nd3 g6 49. e5 fxe5 50. fxg6+ Kxg6 51. Nxe5+ Kg7 52. Nf3 Nf7 53.
Kf4 Ra3 54. Ne5 Nd6 55. Rf3 Ra4 56. Rg3+ Kf6 57. Rg6+ Ke7 58. Nc6+ Kd7 59. Ne5+
Ke7 60. Nf3 Ra5 61. Rg5 Ra8 62. Re5+ Kd7 63. Rh5 Rf8+ 64. Ke3 Nc4+ 65. Ke2 Kd6
66. Rxh3 Kd5 67. Rh5+ Ke4 68. Ng5+ Kf5 69. Nh7+ Kg6 70. Nxf8+ Kxh5 71. Kf3 Kh4
72. Ng6+ Kh3 73. Ne5 Nd2+ 74. Ke3 Nf1+ 75. Kf4 Kxh2 76. d5 Ng3 77. Nf3+ Kg2 78.
d6 Ne2+ 79. Ke5 1-0

[Event "35t. Copenhagen Open (Politiken Cup)"]
[Site "Elsinore"]
[Date "2013.07.31"]
[Round "6"]
[White "Carlstedt, Jonathan"]
[Black "Brorsen, Jacob Abildlund"]
[Result "1-0"]
[WhiteElo "2387"]
[BlackElo "2142"]
[PlyCount "77"]
[EventDate "2013.07.27"]
[EventType "swiss"]
[EventRounds "10"]
[EventCountry "DEN"]
[Source "ChessBase"]
[SourceDate "2013.08.26"]

1. c4 c5 2. e3 Nf6 3. d4 g6 4. Nc3 Bg7 5. Nf3 O-O 6. Be2 d5 7. O-O dxc4 8. Bxc4
cxd4 9. exd4 Bg4 10. d5 Nbd7 11. Re1 Nb6 12. Bb3 Rc8 13. h3 Bxf3 14. Qxf3 Qd7
15. Be3 Nc4 16. Bxa7 b5 17. Bd4 Nd2 18. Qd3 Nxb3 19. axb3 b4 20. Ra7 Qd6 21.
Bxf6 Qxf6 22. Na4 Rfe8 23. Qe4 Rcd8 24. Qxb4 Rxd5 25. Raxe7 Rxe7 26. Rxe7 Rd1+
27. Kh2 h5 28. Re2 Rd4 29. Qb8+ Kh7 30. Nc3 Bh6 31. Kg1 Bf4 32. Qe8 Qf5 33. g3
Bd6 34. Qe3 Rb4 35. Ne4 Be7 36. Kg2 Qd5 37. Qf3 Qxb3 38. Re3 Qa2 39. Nc3 1-0

[Event "35t. Copenhagen Open (Politiken Cup)"]
[Site "Elsinore"]
[Date "2013.07.31"]
[Round "6"]
[White "Cherednichenko, Svetlana"]
[Black "Boukhris, Yacine"]
[Result "1-0"]
[WhiteElo "2290"]
[BlackElo "2058"]
[PlyCount "75"]
[EventDate "2013.07.27"]
[EventType "swiss"]
[EventRounds "10"]
[EventCountry "DEN"]
[Source "ChessBase"]
[SourceDate "2013.08.26"]

1. d4 Nf6 2. Nf3 g6 3. Bf4 Bg7 4. e3 O-O 5. h3 d6 6. Be2 Nc6 7. c4 Nd7 8. Nc3
e5 9. Bh2 f5 10. d5 Ne7 11. Ng5 Nc5 12. b4 Na6 13. Rb1 c6 14. dxc6 bxc6 15. Nf3
Rb8 16. a3 Nc7 17. O-O f4 18. exf4 exf4 19. Qd2 Ne6 20. Ne4 Nf5 21. Bxf4 Nxf4
22. Qxf4 Nd4 23. Qe3 Nxe2+ 24. Qxe2 d5 25. cxd5 cxd5 26. Nc5 Qf6 27. Rb3 Kh8
28. Rd1 a5 29. Rxd5 axb4 30. axb4 Qf4 31. Qd2 Qf6 32. Ng5 Bf5 33. Nd7 Qa1+ 34.
Kh2 Bxd7 35. Rxd7 Qe5+ 36. g3 h6 37. Nf7+ Rxf7 38. Rxf7 1-0

[Event "35t. Copenhagen Open (Politiken Cup)"]
[Site "Elsinore"]
[Date "2013.07.31"]
[Round "6"]
[White "Collins, Alan"]
[Black "Quinn, David"]
[Result "1/2-1/2"]
[WhiteElo "1740"]
[BlackElo "1983"]
[PlyCount "93"]
[EventDate "2013.07.27"]
[EventType "swiss"]
[EventRounds "10"]
[EventCountry "DEN"]
[Source "ChessBase"]
[SourceDate "2013.08.26"]

1. d4 Nf6 2. Nf3 d5 3. Bf4 c6 4. e3 Nbd7 5. Bd3 Nh5 6. c3 Nxf4 7. exf4 g6 8.
Nbd2 Bg7 9. f5 Qb6 10. Qb3 Qxb3 11. axb3 b6 12. O-O gxf5 13. Bxf5 e6 14. Bd3
O-O 15. Ba6 Nb8 16. Bxc8 Rxc8 17. b4 Nd7 18. Nb3 Nf6 19. Nfd2 Ne8 20. f4 Nd6
21. Ra6 Rc7 22. Rfa1 Rb7 23. g3 h5 24. Kf2 Bh6 25. Re1 Re8 26. Rea1 Ree7 27.
Re1 f6 28. Nc1 Rb8 29. Nd3 Rf8 30. Nf3 Rff7 31. Raa1 Re8 32. Re2 Bf8 33. Rae1
Rfe7 34. Kg2 Nf5 35. Kh1 Kf7 36. Kg2 Rc7 37. Kh1 Bd6 38. Kg2 Rce7 39. Kh1 Rg8
40. Rg1 Ke8 41. b3 Kd7 42. c4 Reg7 43. Rge1 Re7 44. c5 Bb8 45. Rc2 Rh7 46. Rce2
Re8 47. Rg2 1/2-1/2

[Event "35t. Copenhagen Open (Politiken Cup)"]
[Site "Elsinore"]
[Date "2013.07.31"]
[Round "6"]
[White "Degerfeldt, Sven"]
[Black "Zyde, Fadmal"]
[Result "1/2-1/2"]
[WhiteElo "1921"]
[BlackElo "1675"]
[PlyCount "90"]
[EventDate "2013.07.27"]
[EventType "swiss"]
[EventRounds "10"]
[EventCountry "DEN"]
[Source "ChessBase"]
[SourceDate "2013.08.26"]

1. d4 d5 2. c4 dxc4 3. Nc3 c6 4. a4 Nf6 5. e4 Be6 6. Nf3 Qa5 7. Bd2 Qd8 8. Bg5
h6 9. Bxf6 exf6 10. d5 cxd5 11. exd5 Bg4 12. Bxc4 Bd6 13. Qe2+ Qe7 14. O-O Qxe2
15. Bxe2 O-O 16. h3 Bxf3 17. Bxf3 Na6 18. Nb5 Rfd8 19. Rac1 Nb4 20. Rfd1 a6 21.
Nxd6 Rxd6 22. Rc4 a5 23. Rc7 b6 24. Re1 Nxd5 25. Bxd5 Rxd5 26. Ree7 Rf8 27. Rb7
Rd6 28. Rec7 f5 29. Rc3 Re8 30. Rf3 Rf6 31. g4 f4 32. h4 g6 33. Kg2 Re4 34. b3
Rb4 35. Kh3 Rd6 36. g5 h5 37. Kg2 Rbd4 38. Rc3 Rd7 39. Rc8+ Kg7 40. Rbb8 f5 41.
gxf6+ Kxf6 42. Rxb6+ R7d6 43. Rxd6+ Rxd6 44. Rc5 Rd3 45. Rb5 Rc3 1/2-1/2